000 01374nam a22003497a 4500
003 OSt
005 20250317122742.0
008 250317b |||||||| |||| 00| 0 eng d
020 _a9789819917334 (paperback)
040 _aNUST
_beng
_cNUST
_dNUST
_erda
050 _aR857.O6 LAS
100 _aHu, Zhengbin
_eAuthor
245 _aLaser polarimetry of biological tissues :
_bcomputer algorithms for data processing in forensic age determination of injuries /
_cZhengbin Hu, I L Bezhenar, O Y Vanchulyak, A G Ushenko, Yu A Ushenko, Mykhailo P Gorsky and Igor Meglinski.
260 _aSingapore :
_bSpringer,
_c2023.
300 _axii, 99 pages :
_bIllustrations ;
_c24 cm.
336 _2rdamedia
_atext
_btxt
337 _2rdamedia
_aunmediated
_bn
338 _2rdamedia
_avolume
_bnc
440 _aSpringerBriefs in applied sciences and technology,
_x2191-5318.
504 _aIncludes bibliographical references.
650 _vImaging systems in medicine.
650 _vPolarimetry.
650 _vWounds and injuries -- Diagnosis.
700 _aHu, Zhengbin
_eAuthor
700 _aBezhenar, I L
_eAuthor
700 _aVanchulyak, O Y
_eAuthor
700 _aUshenko, A G
_eAuthor
700 _aUshenko, Yu A
_eAuthor
700 _aGorsky, Mykhailo P
_eAuthor
700 _aMeglinski, Igor
_eAuthor
942 _2lcc
_cBOOKS
_hR857.O6 LAS
_kR
_mLAS
_n0
999 _c171442
_d171442